|
|
|
|
| LEADER |
00000caa a22000002c 4500 |
| 001 |
1639231757 |
| 003 |
DE-627 |
| 005 |
20250312084644.0 |
| 007 |
tu |
| 008 |
160223s1978 xx ||||| 00| ||und c |
| 035 |
|
|
|a (DE-627)1639231757
|
| 035 |
|
|
|a (DE-576)455810168
|
| 035 |
|
|
|a (DE-599)BSZ455810168
|
| 040 |
|
|
|a DE-627
|b ger
|c DE-627
|e rakwb
|
| 100 |
1 |
|
|a Berz, Ulrich
|4 aut
|
| 245 |
1 |
4 |
|a Die Diskussionsbeiträge der Strafrechtslehrertagung 1977 in Giessen
|c Ulrich Berz
|
| 264 |
|
1 |
|c 1978
|
| 336 |
|
|
|a Text
|b txt
|2 rdacontent
|
| 337 |
|
|
|a ohne Hilfsmittel zu benutzen
|b n
|2 rdamedia
|
| 338 |
|
|
|a Band
|b nc
|2 rdacarrier
|
| 773 |
0 |
8 |
|i In
|t Zeitschrift für die gesamte Strafrechtswissenschaft
|d Berlin [u.a.] : de Gruyter, 1881
|g 90(1978), 1, Seite 210-234
|w (DE-627)129491098
|w (DE-600)206260-4
|w (DE-576)014885867
|x 0084-5310
|7 nnas
|
| 773 |
1 |
8 |
|g volume:90
|g year:1978
|g number:1
|g pages:210-234
|
| 935 |
|
|
|a mkri
|
| 951 |
|
|
|a AR
|
| ELC |
|
|
|b 1
|
| LOK |
|
|
|0 000 xxxxxcx a22 zn 4500
|
| LOK |
|
|
|0 001 3299628119
|
| LOK |
|
|
|0 003 DE-627
|
| LOK |
|
|
|0 004 1639231757
|
| LOK |
|
|
|0 005 20250312095858
|
| LOK |
|
|
|0 008 160208||||||||||||||||ger|||||||
|
| LOK |
|
|
|0 040
|a DE-21-110
|c DE-627
|d DE-21-110
|
| LOK |
|
|
|0 689
|a s
|a Strafrechtsreform
|
| LOK |
|
|
|0 852
|a DE-21-110
|
| LOK |
|
|
|0 852 1
|m p
|9 00
|
| LOK |
|
|
|0 935
|a k110
|
| LOK |
|
|
|0 938
|k p
|
| LOK |
|
|
|0 939
|a 08-02-16
|b l01
|
| ORI |
|
|
|a SA-MARC-krimdoka001.raw
|